000 01071nam a22002177a 4500
005 20210325190905.0
008 s2529 th tha d
041 _atha
090 _aว HQ1063.2.T5 ส279ก 2529
100 0 _aสมศรี กันธมาลา
245 1 0 _aการส่งเสริมบทบาทของผู้เกษียณอายุให้มีส่วนร่วมในการพัฒนาสังคม
260 3 _aกรุงเทพฯ :
_bวิทยาลัยป้องกันราชอาณาจักร,
_c2529
300 _a110 หน้า :
_b ตาราง ;
_c 29 ซม.
650 0 4 _aการเกษียณอายุ -- วิจัย
650 0 4 _aผู้สูงอายุ -- การมีส่วนร่วม -- วิจัย
650 0 4 _aผู้สูงอายุ -- การเกษียณอายุ -- วิจัย
850 _aNALT
942 _cRSH
997 _c000000000026735
_kVC
998 _aNISA LUANGTONGKUM
999 _c26735
_d26735